Estadísticas para Países del Mediterráneo Prueba

Haz click aquí para tomar la prueba!

Estadísticas generales

  • Esta prueba ha sido tomada 7.767 veces
  • La puntuación promedio es 18 de 21

Estadísticas de respuestas

País% Correcto
Italia
99%
España
98%
Grecia
97%
Francia
94%
Egipto
93%
Turquía
92%
Marruecos
92%
Croacia
90%
Malta
87%
Argelia
87%
Túnez
86%
Albania
86%
Libia
86%
Israel
83%
Chipre
83%
Bosnia y Herzegovina
79%
Montenegro
78%
Mónaco
77%
Siria
74%
Eslovenia
73%
Líbano
73%

Distribución de puntuación

Porcentaje por número respondido

Porcentaje de gente con cada puntuación

Historial de tus puntuaciones

No has tomado esta prueba